Bosquejo de un cuadro histórico de los progresos del espíritu humano y otros textos.
Сохранить в:
| Главный автор: | |
|---|---|
| Другие авторы: | , |
| Формат: | |
| Язык: | испанский |
| Серии: | (Sección de obras de política y derecho)
|
| Предметы: | |
| Метки: |
Нет меток, Требуется 1-ая метка записи!
|
MARC
| LEADER | 00000cam^a2200000uu^4500 | ||
|---|---|---|---|
| 001 | 000493058 | ||
| 005 | 20250521000000.0 | ||
| 008 | 031405s1997^^^^^^^^^^^^rd^r^^000^0^spa^d | ||
| 009 | 20260310125455.004 | ||
| 022 | |a 9681651944 | ||
| 035 | |a FCE 000036431 | ||
| 035 | |a FCE 036476 | ||
| 037 | |a Acervo ITESO - Biblioteca | ||
| 041 | |a spa | ||
| 082 | 0 | 4 | |a 144 |b GONb |
| 100 | |a Condorcet, Marie-Jean-Antoine-Nicolas de Caritat, marqués de |e (autor) | ||
| 245 | 1 | 0 | |a Bosquejo de un cuadro histórico de los progresos del espíritu humano y otros textos. |
| 264 | |a México : |b FCE, |c 1997. | ||
| 300 | |a 404 p. | ||
| 336 | |a texto |b txt |2 rdacontenido | ||
| 337 | |a sin mediación |b n |2 rdamedio | ||
| 338 | |a volumen |b nc |2 rdasoporte | ||
| 440 | 0 | |a (Sección de obras de política y derecho) | |
| 649 | |a XX | ||
| 650 | |a Desarrollo humano | ||
| 650 | |a Filosofía de la historia | ||
| 700 | |a González Aramburu, Francisco |e (revisión de la traducción) | ||
| 700 | |a Pons, Alain, |e prol |e (autor) | ||
| 910 | |a Fondo Centro de Estudios Educativos | ||
| 920 | |a Impresos - Libros | ||
| 930 | |a Fondos Especiales | ||
| 905 | |a 133 | ||
| 901 | |a ALE036476 |b IT2 |c CEE |u 20250521 | ||
| 902 | |a https://opac.biblio.iteso.mx/vufind/Record/000493058 | ||